Enjeux du soin en obésité : corps en perte face aux agonistes du GLP-1 (notice n° 1769063)

détails MARC
000 -LEADER
fixed length control field 01449cam a2200157 4500500
005 - DATE AND TIME OF LATEST TRANSACTION
control field 20260322011952.0
041 ## - LANGUAGE CODE
Language code of text/sound track or separate title fre
042 ## - AUTHENTICATION CODE
Authentication code dc
100 10 - MAIN ENTRY--PERSONAL NAME
Personal name Willems Federici, David
Relator term author
245 00 - TITLE STATEMENT
Title Enjeux du soin en obésité : corps en perte face aux agonistes du GLP-1
260 ## - PUBLICATION, DISTRIBUTION, ETC.
Date of publication, distribution, etc. 2026.<br/>
500 ## - GENERAL NOTE
General note 85
520 ## - SUMMARY, ETC.
Summary, etc. À présent reconnus politiquement et médiatiquement, beaucoup de proches aidants de personnes en perte d’autonomie n’ont pas recours aux droits, services, aides et/ou prestations auxquels ils pourraient prétendre. Cet article propose de s’interroger sur l’effectivité de l’offre destinée aux proches aidants et sur les formes que prend ce non-recours. La difficulté à appréhender les besoins propres des proches aidants ainsi que le caractère hétérogène de l’offre qui leur est destinée au niveau des territoires contribuent à expliquer la rencontre en partie manquée entre l’offre et la demande. Il est également utile de s’intéresser aux logiques de recours différenciées des proches aidants ainsi qu’aux représentations qu’ont les professionnels du social et de la santé des offres et de ce que peut être leur propre rôle vis-à-vis des proches aidants.
786 0# - DATA SOURCE ENTRY
Note Le Journal des psychologues | Hors-série | HS7 | 2026-02-13 | p. 18-23 | 0752-501X
856 41 - ELECTRONIC LOCATION AND ACCESS
Uniform Resource Identifier <a href="https://shs.cairn.info/revue-le-journal-des-psychologues-2026-hs7-page-18?lang=fr&redirect-ssocas=7080">https://shs.cairn.info/revue-le-journal-des-psychologues-2026-hs7-page-18?lang=fr&redirect-ssocas=7080</a>

Pas d'exemplaire disponible.

PLUDOC

PLUDOC est la plateforme unique et centralisée de gestion des bibliothèques physiques et numériques de Guinée administré par le CEDUST. Elle est la plus grande base de données de ressources documentaires pour les Étudiants, Enseignants chercheurs et Chercheurs de Guinée.

Adresse

627 919 101/664 919 101

25 boulevard du commerce
Kaloum, Conakry, Guinée

Réseaux sociaux

Powered by Netsen Group @ 2025